000 00756aam a2200265 i 4500
001 768714001
003 CO-MdFUSB
005 20250903142527.0
007 ta
008 250903txxx xxx |||| |||| 00| 0 spa d
040 _cCO-MdFUSB
041 0 _aspa
082 0 4 _223
_a249.8
_bM8172m
100 1 _aMoody, Dwight L. (Lyman) (1837-1899)
_eautor
245 1 0 _aMeditaciones devocionales
_c/ D. L. Moody
264 0 _bMoody Press,
_a[Lugar de producción no identificado] :
_c[Fecha de producción no identificada]
300 _a128 páginas
336 _atexto
_btxt
_2rdacontent
337 _2rdamedia
_asin mediación
_bn
338 _2rdacarrier
_avolumen
_bnc
563 _aRústico
653 _aDevocionales
942 _cBK
945 _aJTF-925
999 _c36322
_d36322